Statistics for English words by German cognate

Click here to take the quiz!

General Stats

  • This quiz has been taken 40 times
  • The average score is 6 of 16

Answer Stats

GermanMeaningCognate% Correct
Hunddoghound
97%
strengstrictstrong
77%
großlargegreat
69%
Weibwomanwife
66%
Machtpowermight
51%
Beinlegbone
31%
Zeittimetide
29%
Herbstautumnharvest
26%
Huthathood
20%
mögento likemay
20%
Zimmerroomtimber
20%
wissento knowwit
17%
Hautskinhide
14%
Schlosscastle, lockslot
11%
Geldmoneyyield
11%
Zeichensigntoken
6%

Score Distribution

Percentile by Number Answered

Percent of People with Each Score

Your Score History

You have not taken this quiz